Top 10 Countries in Olives Production - Statistics

General Stats
  • This quiz has been taken 76 times
  • The average score is 9 of 10
Answer Stats
Metric Tons Country % Correct
1,945,324 Italy
100%
9,176,929 Spain
100%
1,525,543 Greece
98%
854,377 Algeria
92%
791,410 Portugal
92%
1,479,853 Morocco
91%
1,674,377 Turkey
91%
892,753 Egypt
88%
744,757 Tunisia
88%
358,666 Syria
64%
No matching quizzes found
Score Distribution
Percent of People with Each Score
Percentile by Number Answered
Your Score History
You have not taken this quiz